[Event "BCF-chT2 1718 (4NCL) Promotion pool"]
[Site "England"]
[Date "2018.03.18"]
[Round "8.43"]
[White "Tavares, Shawn P"]
[Black "Wall, Tim"]
[Result "0-1"]
[WhiteElo "2148"]
[BlackElo "2250"]
[PlyCount "122"]
[EventDate "2017.11.11"]
[EventType "team-tourn"]
[EventRounds "11"]
[EventCountry "ENG"]
[SourceTitle "EXT 2020"]
[Source "ChessBase"]
[SourceDate "2019.10.17"]
[SourceVersion "1"]
[SourceVersionDate "2019.10.17"]
[SourceQuality "1"]
[WhiteTeam "Grantham Sharks II"]
[BlackTeam "North East England"]
[WhiteTeamCountry "ENG"]
[BlackTeamCountry "ENG"]

1. e4 e5 2. Nf3 Nc6 3. Bc4 Bc5 4. b4 Bxb4 5. c3 Be7 6. d4 Na5 7. Nxe5 Nxc4 8. Nxc4 d5 9. exd5 Qxd5 10. Ne3 Qd8 11. 0-0 Nf6 12. Ba3 0-0 13. Re1 Bxa3 14. Nxa3 Be6 15. Nac4 c6 16. Ne5 Qa5 17. c4 Rad8 18. Rb1 Qc7 19. Qa4 Rxd4 20. Nf3 Rdd8 21. Qxa7 Bc8 22. Qb6 Qxb6 23. Rxb6 Rfe8 24. h3 Ne4 25. Rb2 Nc5 26. Rd1 Rxd1+ 27. Nxd1 Be6 28. Ne3 f6 29. Nd4 Kf7 30. Nxe6 Kxe6 31. g4 Kd7 32. Rd2+ Kc7 33. Kg2 Ra8 34. Re2 Nd3 35. Rd2 Ra3 36. h4 g6 37. Kf3 Ne5+ 38. Kf4 Nd3+ 39. Ke4 Nc5+ 40. Kf4 Nd3+ 41. Ke4 Nc5+ 42. Kf4 Rd3 43. Rd1 Kd6 44. g5 Ne6+ 45. Kg4 f5+ 46. Kf3 Rxd1 47. Nxd1 Kc5 48. Ne3 Kd4 49. Ke2 Ke4 50. f3+ Kd4 51. Kd2 Nf4 52. a3 b6 53. Nc2+ Kxc4 54. Nb4 c5 55. Nc6 Kb3 56. Ne5 c4 57. Ke3 Ne6 58. a4 c3 59. a5 bxa5 60. Nc6 c2 61. Nxa5+ Kc3 0-1

[Event "BCF-chT2a 1718 (4NCL)"]
[Site "England"]
[Date "2018.03.17"]
[Round "7.44"]
[White "Willson, Ollie"]
[Black "Tavares, Shawn P"]
[Result "0-1"]
[WhiteElo "2087"]
[BlackElo "2148"]
[PlyCount "118"]
[EventDate "2017.11.11"]
[EventType "team-tourn"]
[EventRounds "7"]
[EventCountry "ENG"]
[SourceTitle "EXT 2020"]
[Source "ChessBase"]
[SourceDate "2019.10.17"]
[SourceVersion "1"]
[SourceVersionDate "2019.10.17"]
[SourceQuality "1"]
[WhiteTeam "Sussex Martlets"]
[BlackTeam "Grantham Sharks II"]
[WhiteTeamCountry "ENG"]
[BlackTeamCountry "ENG"]

1. d4 Nf6 2. c4 c5 3. d5 b5 4. cxb5 a6 5. bxa6 g6 6. Nc3 Bg7 7. Nf3 0-0 8. e4 Qa5 9. Nd2 Bxa6 10. Be2 Bxe2 11. Qxe2 Qa6 12. a4 e6 13. Nc4 exd5 14. exd5 Re8 15. Ne3 Ne4 16. Qxa6 Nxa6 17. Nb5 f5 18. 0-0 Nf6 19. Rd1 f4 20. Nf1 Re2 21. Bxf4 Rxb2 22. Be5 Re2 23. Bc3 Nb4 24. d6 Ra2 25. Ne3 R8xa4 26. Rxa2 Nxa2 27. Ba1 Ne4 28. Bxg7 Kxg7 29. g3 Rb4 30. f3 Ng5 31. f4 Nh3+ 32. Kg2 Nxf4+ 33. gxf4 Rxb5 34. Nc4 Nc3 35. Rd3 Ne2 36. Kf3 Nd4+ 37. Ke4 Rb4 38. Kd5 Ne6 39. Rf3 Kf6 40. Rf2 h6 41. Rf1 Ra4 42. Rf2 h5 43. h4 Rb4 44. Rf1 Rb3 45. Ne5 Rb7 46. Rf2 Kf5 47. Nxg6 Rb4 48. Ne7+ Kf6 49. Rd2 Rxf4 50. Rd1 Rxh4 51. Rf1+ Rf4 52. Rxf4+ Nxf4+ 53. Ke4 Kg5 54. Nf5 Ne6 55. Ne3 h4 56. Nc4 Kg4 57. Ne5+ Kg3 58. Nxd7 h3 59. Ke3 Nd8 0-1

[Event "BCF-chT2a 1718 (4NCL)"]
[Site "England"]
[Date "2018.01.13"]
[Round "3.11"]
[White "Tavares, Shawn P"]
[Black "Erdos, Viktor"]
[Result "0-1"]
[WhiteElo "2161"]
[BlackElo "2630"]
[PlyCount "50"]
[EventDate "2017.11.11"]
[EventType "team-tourn"]
[EventRounds "7"]
[EventCountry "ENG"]
[SourceTitle "EXT 2020"]
[Source "ChessBase"]
[SourceDate "2019.10.17"]
[SourceVersion "1"]
[SourceVersionDate "2019.10.17"]
[SourceQuality "1"]
[WhiteTeam "Grantham Sharks II"]
[BlackTeam "Manx Liberty"]
[WhiteTeamCountry "ENG"]
[BlackTeamCountry "ENG"]

1. e4 e5 2. Nf3 Nc6 3. Nc3 Nf6 4. d4 exd4 5. Nxd4 Bb4 6. Nxc6 bxc6 7. Bd3 d6 8. 0-0 Ng4 9. Be2 Qh4 10. Bf4 0-0 11. Bg3 Qg5 12. a3 Bxc3 13. bxc3 Re8 14. Rb1 Nf6 15. f4 Qa5 16. e5 Nd5 17. Re1 Nxc3 18. Qd3 Nxb1 19. Rxb1 dxe5 20. fxe5 Qc5+ 21. Kh1 Be6 22. Qe4 Bd5 23. Qf5 g6 24. Qd3 Rad8 25. Bf3 Ba2 0-1

[Event "BCF-chT1a 1718 (4NCL)"]
[Site "England"]
[Date "2017.11.11"]
[Round "1.27"]
[White "Hansen, Hans Peter"]
[Black "Tavares, Shawn P"]
[Result "1-0"]
[WhiteElo "2257"]
[BlackElo "2159"]
[PlyCount "65"]
[EventDate "2017.11.11"]
[EventType "team-swiss"]
[EventRounds "11"]
[EventCountry "ENG"]
[SourceTitle "CBM 181 Extra"]
[Source "ChessBase"]
[SourceDate "2017.12.12"]
[SourceVersion "1"]
[SourceVersionDate "2017.12.12"]
[SourceQuality "1"]
[WhiteTeam "Oxford"]
[BlackTeam "Grantham Sharks"]
[WhiteTeamCountry "ENG"]
[BlackTeamCountry "ENG"]

1. Nf3 Nf6 2. c4 c5 3. Nc3 b6 4. e3 Bb7 5. d4 e6 6. d5 d6 7. e4 Be7 8. Bd3 0-0 9. 0-0 Na6 10. h3 Nc7 11. Qc2 e5 12. a3 Bc8 13. b4 Kh8 14. Rb1 Nh5 15. bxc5 bxc5 16. Ne2 g5 17. Nh2 Nf4 18. Ng3 Rg8 19. Be2 Ne8 20. Bg4 Ng7 21. Bxc8 Qxc8 22. Ng4 h5 23. Nh6 Rf8 24. Nhf5 Re8 25. Nxg7 Kxg7 26. Nf5+ Kf6 27. Kh2 Qa6 28. g3 Ng6 29. Qd2 Nf4 30. gxf4 Qxc4 31. fxe5+ Kxe5 32. Bb2+ Kxe4 33. Ng3+ 1-0

[Event "BCF-chT1c 1617 (4NCL) Promotion pool"]
[Site "England"]
[Date "2017.04.30"]
[Round "10.35"]
[White "Sowray, Peter John"]
[Black "Tavares, Shawn P"]
[Result "0-1"]
[WhiteElo "2310"]
[BlackElo "2143"]
[PlyCount "150"]
[EventDate "2016.11.19"]
[EventType "team-tourn"]
[EventRounds "4"]
[EventCountry "ENG"]
[SourceTitle "EXT 2018"]
[Source "ChessBase"]
[SourceDate "2017.10.13"]
[SourceVersion "1"]
[SourceVersionDate "2017.10.13"]
[SourceQuality "1"]
[WhiteTeam "Barbican"]
[BlackTeam "Grantham Sharks"]
[WhiteTeamCountry "ENG"]
[BlackTeamCountry "ENG"]

1. Nf3 Nf6 2. c4 c5 3. Nc3 b6 4. d4 cxd4 5. Nxd4 Bb7 6. f3 d6 7. e4 Nbd7 8. Be2 g6 9. 0-0 Bg7 10. Be3 0-0 11. Qd2 Re8 12. Rfd1 a6 13. Rac1 Rc8 14. Bf1 Ne5 15. b3 e6 16. Nde2 Bf8 17. Kh1 Qc7 18. Nf4 Ned7 19. Qf2 Qb8 20. Qb2 Bg7 21. Qb1 g5 22. Nfe2 h6 23. Qd3 Bf8 24. Ng3 Bc6 25. Qd2 Rcd8 26. Nce2 Qa8 27. Nd4 Bb7 28. Bd3 Bg7 29. Bb1 Ne5 30. Qf2 Qb8 31. Nf1 Ng6 32. a4 Ne5 33. Ne2 b5 34. axb5 axb5 35. cxb5 d5 36. exd5 Bxd5 37. Nd4 Qb7 38. Nd2 Neg4 39. Qe2 Nxe3 40. Qxe3 Ng4 41. Qe2 Bxd4 42. fxg4 Bg7 43. Ne4 Bxb3 44. Rf1 Qe7 45. b6 Rc8 46. Qb5 Bd5 47. Nc5 Bc6 48. Qd3 Bxg2+ 49. Kxg2 Rxc5 50. Qh7+ Kf8 51. Rxf7+ Qxf7 52. Rxc5 Rd8 53. Qc2 Qf4 54. Rc8 Qxg4+ 55. Kf1 Qf3+ 56. Ke1 Qh1+ 57. Ke2 Qxh2+ 58. Kf3 Qh3+ 59. Ke2 Qg2+ 60. Ke1 Qg1+ 61. Ke2 Qxb6 62. Rxd8+ Qxd8 63. Qe4 Qd5 64. Qb4+ Kf7 65. Be4 Qd4 66. Qb7+ Kf6 67. Bd3 g4 68. Qh1 Qb2+ 69. Ke3 Kg5 70. Qd1 Be5 71. Qf1 Qd4+ 72. Ke2 Bf4 73. Qd1 Qe3+ 74. Kf1 Qh3+ 75. Kf2 Be3+ 0-1

[Event "BCF-chT1b 1617 (4NCL)"]
[Site "England"]
[Date "2016.11.20"]
[Round "2.68"]
[White "Tavares, Shawn P"]
[Black "Regan, Natasha"]
[Result "1-0"]
[WhiteElo "2143"]
[BlackElo "2034"]
[PlyCount "77"]
[EventDate "2016.11.19"]
[EventType "team-tourn"]
[EventRounds "7"]
[EventCountry "ENG"]
[SourceTitle "CBM 175 Extra"]
[Source "ChessBase"]
[SourceDate "2016.12.12"]
[SourceVersion "1"]
[SourceVersionDate "2016.12.12"]
[SourceQuality "1"]
[WhiteTeam "Grantham Sharks"]
[BlackTeam "Barbican II"]
[WhiteTeamCountry "ENG"]
[BlackTeamCountry "ENG"]

1. c4 e5 2. Nc3 Nc6 3. Nf3 f5 4. d4 e4 5. Ng5 b6 6. h4 Bb4 7. e3 Nf6 8. Qb3 Qe7 9. a3 Bxc3+ 10. Qxc3 Bb7 11. b4 h6 12. Nh3 g5 13. Bb2 d5 14. b5 Nd8 15. c5 Ne6 16. Ng1 gxh4 17. Rxh4 Ng4 18. g3 Rg8 19. c6 Bc8 20. Be2 Qg7 21. Nh3 Nd8 22. a4 a6 23. Ba3 a5 24. Bxg4 fxg4 25. Nf4 Be6 26. 0-0-0 Qf6 27. Rdh1 Nf7 28. Qe1 0-0-0 29. Nh5 Qg5 30. Nf4 Qf6 31. Rh5 Rg5 32. Kb2 Rdg8 33. R5h4 Rd8 34. Nh5 Qf3 35. Be7 Nd6 36. Bxd8 Nc4+ 37. Kb1 Qf8 38. Nf4 Bg8 39. Rxh6 1-0

[Event "BCF-chT2a 1617 (4NCL)"]
[Site "England"]
[Date "2016.11.19"]
[Round "1.32"]
[White "Rich, Mark"]
[Black "Tavares, Shawn P"]
[Result "0-1"]
[WhiteElo "2192"]
[BlackElo "2143"]
[PlyCount "60"]
[EventDate "2016.11.19"]
[EventType "team-tourn"]
[EventRounds "11"]
[EventCountry "ENG"]
[SourceTitle "EXT 2019"]
[Source "ChessBase"]
[SourceDate "2018.10.10"]
[SourceVersion "1"]
[SourceVersionDate "2018.10.10"]
[SourceQuality "1"]
[WhiteTeam "The ADS"]
[BlackTeam "Grantham Sharks II"]
[WhiteTeamCountry "ENG"]
[BlackTeamCountry "ENG"]

1. e4 c5 2. Nc3 e6 3. f4 b6 4. Nf3 Bb7 5. d4 cxd4 6. Nxd4 Bb4 7. Bd3 Nf6 8. Qe2 0-0 9. Bd2 Bc5 10. Nb3 Nc6 11. e5 Ne8 12. Ne4 Be7 13. Bc3 Nb4 14. Bxb4 Bxb4+ 15. c3 Be7 16. 0-0-0 d5 17. exd6 Nxd6 18. Rhf1 Nxe4 19. Bxe4 Qc7 20. Bxb7 Qxb7 21. f5 exf5 22. Rxf5 a5 23. Rfd5 a4 24. Na1 a3 25. b3 Bf6 26. Kb1 Bxc3 27. Nc2 g6 28. h4 Bg7 29. Nb4 Rfe8 30. Qb5 Qe7 0-1

[Event "BCF-chT2a 1516 (4NCL)"]
[Site "England"]
[Date "2016.02.14"]
[Round "6.221"]
[White "Tavares, Shawn P"]
[Black "Coleman, David"]
[Result "1/2-1/2"]
[WhiteElo "2141"]
[BlackElo "2179"]
[PlyCount "86"]
[EventDate "2015.11.14"]
[EventType "team-tourn"]
[EventRounds "7"]
[EventCountry "ENG"]
[SourceTitle "CBM 170 Extra"]
[Source "ChessBase"]
[SourceDate "2016.02.25"]
[SourceVersion "1"]
[SourceVersionDate "2016.02.25"]
[SourceQuality "1"]
[WhiteTeam "Grantham Sharks II"]
[BlackTeam "Barbican Youth"]
[WhiteTeamCountry "ENG"]
[BlackTeamCountry "ENG"]

1. d4 Nf6 2. c4 Nc6 3. Nf3 e6 4. a3 d6 5. Nc3 g6 6. e4 Bg7 7. h3 0-0 8. Bg5 h6 9. Be3 Re8 10. Qd2 Kh7 11. Bd3 Nd7 12. Bc2 a6 13. Nh2 e5 14. d5 Nd4 15. 0-0 Nc5 16. Rae1 Nxc2 17. Qxc2 f5 18. f3 Rf8 19. g4 f4 20. Bf2 Bf6 21. b4 Nd7 22. c5 Rf7 23. Rc1 Nf8 24. cxd6 cxd6 25. Na4 Bd7 26. Nb6 Rb8 27. a4 Be8 28. Kg2 Bh4 29. Rfd1 Bxf2 30. Qxf2 Rc7 31. Nf1 Nd7 32. a5 Nxb6 33. Rxc7+ Qxc7 34. axb6 Qc3 35. Qd2 Rc8 36. Qxc3 Rxc3 37. Nd2 Ba4 38. Ra1 Bb5 39. Kf2 Kg7 40. Ke1 Kf6 41. h4 Ke7 42. Kd1 Kd8 43. Rb1 Ba4+ 1/2-1/2

[Event "BCF-chT2a 1516 (4NCL)"]
[Site "England"]
[Date "2016.01.24"]
[Round "4.221"]
[White "Tavares, Shawn P"]
[Black "Povah, Nigel Edward"]
[Result "1/2-1/2"]
[WhiteElo "2127"]
[BlackElo "2304"]
[PlyCount "73"]
[EventDate "2015.11.14"]
[EventType "team-tourn"]
[EventRounds "7"]
[EventCountry "ENG"]
[SourceTitle "CBM 170 Extra"]
[Source "ChessBase"]
[SourceDate "2016.02.25"]
[SourceVersion "1"]
[SourceVersionDate "2016.02.25"]
[SourceQuality "1"]
[WhiteTeam "Grantham Sharks II"]
[BlackTeam "Guildford III"]
[WhiteTeamCountry "ENG"]
[BlackTeamCountry "ENG"]

1. Nf3 Nf6 2. c4 c5 3. g3 b6 4. Bg2 Bb7 5. 0-0 e6 6. b3 Be7 7. Bb2 0-0 8. e3 d6 9. Nc3 Nbd7 10. Qe2 a6 11. Rfd1 Qc7 12. d4 Rfe8 13. Rac1 Rad8 14. Qc2 Qb8 15. a4 Qa8 16. Ne1 cxd4 17. exd4 Rc8 18. Bxb7 Qxb7 19. Qe2 d5 20. Nc2 h6 21. Ne3 Bb4 22. Na2 Bf8 23. Nc3 Qa8 24. Qf3 Ne4 25. cxd5 Nxc3 26. Rxc3 Rxc3 27. Bxc3 Nf6 28. Kg2 exd5 29. Ng4 Ne4 30. Bd2 Re6 31. Be3 Rc6 32. Rc1 Rxc1 33. Bxc1 Qc8 34. Ne5 f6 35. Qg4 Qxg4 36. Nxg4 Kf7 37. f3 1/2-1/2

[Event "BCF-chT1b 1516 (4NCL)"]
[Site "England"]
[Date "2016.01.23"]
[Round "3.167"]
[White "Maroroa, Sue Yuchan"]
[Black "Tavares, Shawn P"]
[Result "0-1"]
[WhiteElo "2098"]
[BlackElo "2130"]
[PlyCount "148"]
[EventDate "2015.11.14"]
[EventType "team-swiss"]
[EventRounds "11"]
[EventCountry "ENG"]
[SourceTitle "CBM 170 Extra"]
[Source "ChessBase"]
[SourceDate "2016.02.25"]
[SourceVersion "1"]
[SourceVersionDate "2016.02.25"]
[SourceQuality "1"]
[WhiteTeam "White Rose"]
[BlackTeam "Grantham Sharks"]
[WhiteTeamCountry "ENG"]
[BlackTeamCountry "ENG"]

1. e4 c5 2. Nf3 e6 3. c3 Nf6 4. e5 Nd5 5. d4 cxd4 6. cxd4 d6 7. Bd3 Be7 8. 0-0 0-0 9. Nc3 dxe5 10. Nxe5 Nc6 11. Nxc6 bxc6 12. Ne4 Nb4 13. Bb1 Ba6 14. Re1 Qa5 15. Re3 Rfd8 16. Ra3 Qe5 17. Be3 c5 18. Nxc5 Qxc5 19. Bxh7+ Kxh7 20. dxc5 Rxd1+ 21. Rxd1 Bc8 22. Ra4 Nd5 23. Rc1 Bf6 24. Rc2 a6 25. g3 Rb8 26. b3 Be5 27. Re4 f6 28. Bd2 Kg6 29. Ba5 Bc7 30. Bxc7 Nxc7 31. Rh4 Bd7 32. c6 Be8 33. Rc3 Nd5 34. Rc5 Kf7 35. Ra4 Nc7 36. Rd4 Ke7 37. f4 Rb6 38. h4 Bxc6 39. Rdc4 Kd6 40. Rh5 Nd5 41. Rh7 Rb7 42. Kf2 Re7 43. h5 f5 44. b4 Nf6 45. Rh8 Re8 46. Rxe8 Bxe8 47. Rc8 Bc6 48. h6 gxh6 49. Rh8 h5 50. a3 Be8 51. a4 Bxa4 52. Rb8 Bc6 53. Rb6 Nd5 54. Rxa6 Nxb4 55. Ra3 Nd5 56. Ra5 h4 57. Ra7 hxg3+ 58. Kxg3 Nc3 59. Kf2 Kc5 60. Ra5+ Kd4 61. Ra3 Ne4+ 62. Ke2 Bb5+ 63. Kf3 Nd2+ 64. Kg3 Bd3 65. Ra5 Ke3 66. Ra3 Ne4+ 67. Kg2 Nf6 68. Kg3 Nh5+ 69. Kh4 Nxf4 70. Kg5 Nd5 71. Ra1 f4 72. Re1+ Be2 73. Rb1 f3 74. Rb3+ Bd3 0-1

[Event "BCF-chT2d 1415 (4NCL) Demotion pool"]
[Site "England"]
[Date "2015.05.04"]
[Round "11.6"]
[White "Tavares, Shawn P"]
[Black "Talsma, Paul"]
[Result "1/2-1/2"]
[WhiteElo "2110"]
[BlackElo "2210"]
[PlyCount "44"]
[EventDate "2015.03.29"]
[EventType "team-tourn"]
[EventRounds "11"]
[EventCountry "ENG"]
[SourceTitle "EXT 2016"]
[Source "ChessBase"]
[SourceDate "2015.10.08"]
[SourceVersion "1"]
[SourceVersionDate "2015.10.08"]
[SourceQuality "1"]
[WhiteTeam "BCM Dragons"]
[BlackTeam "Anglian Avengers"]
[WhiteTeamCountry "ENG"]
[BlackTeamCountry "ENG"]

1. c4 f5 2. g3 Nf6 3. Bg2 g6 4. Nc3 Bg7 5. d3 0-0 6. e3 d6 7. Nge2 e5 8. 0-0 c6 9. d4 Na6 10. Rb1 e4 11. b4 Nc7 12. b5 cxb5 13. Nxb5 Nxb5 14. Rxb5 b6 15. Ba3 Rf7 16. Nf4 g5 17. Nh5 Nxh5 18. Qxh5 Be6 19. Rc1 Rc7 20. g4 Bf7 21. Qh3 Bxc4 22. Rxf5 d5 1/2-1/2

[Event "BCF-chT2b 1415 (4NCL)"]
[Site "England"]
[Date "2015.01.10"]
[Round "3.6"]
[White "Tavares, Shawn P"]
[Black "Habershon, Paul F"]
[Result "1/2-1/2"]
[WhiteElo "2129"]
[BlackElo "2112"]
[PlyCount "90"]
[EventDate "2014.11.15"]
[EventType "team-tourn"]
[EventRounds "7"]
[EventCountry "ENG"]
[SourceTitle "EXT 2016"]
[Source "ChessBase"]
[SourceDate "2015.10.08"]
[SourceVersion "1"]
[SourceVersionDate "2015.10.08"]
[SourceQuality "1"]
[WhiteTeam "BCM Dragons"]
[BlackTeam "MK Phoenix"]
[WhiteTeamCountry "ENG"]
[BlackTeamCountry "ENG"]

1. c4 Nf6 2. g3 c6 3. Nf3 d5 4. Bg2 e6 5. 0-0 Nbd7 6. b3 Be7 7. Bb2 0-0 8. d3 Re8 9. Nbd2 Bd6 10. e4 dxe4 11. Nxe4 Nxe4 12. dxe4 Qc7 13. Qd2 e5 14. Rad1 Bf8 15. Qc3 f6 16. b4 a5 17. a3 axb4 18. axb4 Nb6 19. Ra1 Be6 20. c5 Na4 21. Qc2 Nxb2 22. Qxb2 b6 23. Rfc1 bxc5 24. bxc5 Reb8 25. Qc3 Rxa1 26. Qxa1 Rb5 27. Bf1 Ra5 28. Qb2 Rxc5 29. Nd2 Rxc1 30. Qxc1 Qd7 31. Bc4 Kf7 32. Kg2 Bb4 33. Bxe6+ Qxe6 34. Nc4 Kg6 35. Qc2 Qd7 36. Ne3 Qd6 37. h4 Qe6 38. Nf5 Kf7 39. Qa4 Be7 40. h5 g6 41. Ne3 Kg7 42. Qa7 Kh6 43. hxg6 hxg6 44. Qa8 Kg7 45. Qe8 Qd6 1/2-1/2

[Event "4NCL-chT rapid"]
[Site "Daventry"]
[Date "2013.10.05"]
[Round "6.6"]
[White "Lunn, Matthew"]
[Black "Tavares, Shawn P"]
[Result "1-0"]
[WhiteElo "2045"]
[BlackElo "2143"]
[PlyCount "42"]
[EventDate "2013.10.05"]
[EventType "team-swiss (rapid)"]
[EventRounds "7"]
[EventCountry "ENG"]
[SourceTitle "CBM 156 Extra"]
[Source "ChessBase"]
[SourceDate "2013.10.22"]
[SourceVersion "1"]
[SourceVersionDate "2013.10.22"]
[SourceQuality "1"]
[WhiteTeam "CSC"]
[BlackTeam "BCM Dragons"]
[WhiteTeamCountry "ENG"]
[BlackTeamCountry "ENG"]

1. d4 e6 2. c4 Nf6 3. Nc3 Bb4 4. Qc2 d5 5. a3 Bxc3+ 6. Qxc3 c5 7. dxc5 d4 8. Qg3 0-0 9. Bh6 Ne8 10. Nf3 Nc6 11. b4 d3 12. Bd2 Nf6 13. exd3 e5 14. Be2 e4 15. Ng5 Bf5 16. dxe4 Bxe4 17. Be3 a5 18. Rd1 Qe7 19. b5 Ne5 20. 0-0 Rfd8 21. Bd4 Bg6 1-0

[Event "4NCL-chT rapid"]
[Site "Daventry"]
[Date "2013.10.05"]
[Round "6.5"]
[White "Tavares, Shawn P"]
[Black "Pein, Malcolm"]
[Result "0-1"]
[WhiteElo "2143"]
[BlackElo "2371"]
[PlyCount "88"]
[EventDate "2013.10.05"]
[EventType "team-swiss (rapid)"]
[EventRounds "7"]
[EventCountry "ENG"]
[SourceTitle "CBM 156 Extra"]
[Source "ChessBase"]
[SourceDate "2013.10.22"]
[SourceVersion "1"]
[SourceVersionDate "2013.10.22"]
[SourceQuality "1"]
[WhiteTeam "BCM Dragons"]
[BlackTeam "CSC"]
[WhiteTeamCountry "ENG"]
[BlackTeamCountry "ENG"]

1. e4 c5 2. Nf3 d6 3. d4 cxd4 4. Nxd4 Nf6 5. Nc3 a6 6. g3 e5 7. Nde2 Nbd7 8. Bg2 Qc7 9. 0-0 b5 10. h3 h5 11. Bg5 Bb7 12. Qd2 Be7 13. Rfc1 Nb6 14. b3 g6 15. a3 0-0 16. Qe3 Rac8 17. Qf3 Kg7 18. Qe3 Rfd8 19. Rd1 Ng8 20. Bxe7 Nxe7 21. f4 f6 22. g4 hxg4 23. hxg4 Qc5 24. Qxc5 dxc5 25. fxe5 fxe5 26. Kf2 Nc6 27. Rxd8 Rxd8 28. Rd1 Nd4 29. Nxd4 cxd4 30. Nb1 Rc8 31. Rd2 Nd7 32. g5 Nc5 33. Re2 Ne6 34. Bh3 Rf8+ 35. Kg3 Nxg5 36. Bg2 Rc8 37. Kf2 Ne6 38. Bf3 Nf4 39. Rd2 Rh8 40. c3 Rh2+ 41. Ke1 Rh3 42. Kf2 d3 43. Ke3 g5 44. Kf2 Kg6 0-1

[Event "GBR-ch 100th"]
[Site "Torquay"]
[Date "2013.08.08"]
[Round "10"]
[White "Tavares, Shawn P"]
[Black "Ball, Laurence"]
[Result "1-0"]
[WhiteElo "2178"]
[BlackElo "2108"]
[PlyCount "63"]
[EventDate "2013.07.29"]
[EventType "swiss"]
[EventRounds "11"]
[EventCountry "ENG"]
[SourceTitle "CBM 155 Extra"]
[Source "ChessBase"]
[SourceDate "2013.08.26"]
[SourceVersion "1"]
[SourceVersionDate "2013.08.26"]
[SourceQuality "1"]

1. d4 f5 2. Nf3 Nf6 3. Bg5 e6 4. Nbd2 Be7 5. Bxf6 Bxf6 6. e4 fxe4 7. Nxe4 0-0 8. Bd3 d5 9. Nxf6+ Qxf6 10. c3 Nd7 11. Qc2 Qh6 12. Qe2 Nf6 13. Ne5 Bd7 14. 0-0 Rae8 15. f4 Bc8 16. g4 Nd7 17. g5 Qh4 18. Ng4 e5 19. Qg2 Kh8 20. dxe5 Nc5 21. Be2 Ne4 22. Rad1 h5 23. gxh6 gxh6 24. Rd3 Bf5 25. Rh3 Qe7 26. Rxh6+ Bh7 27. Bd3 Rg8 28. Bxe4 dxe4 29. Kh1 Rg6 30. Rxg6 Bxg6 31. Nf6 Qf7 32. Rg1 1-0

[Event "GBR-ch 100th"]
[Site "Torquay"]
[Date "2013.07.30"]
[Round "2"]
[White "Tavares, Shawn P"]
[Black "Zhou, Yang Fan"]
[Result "0-1"]
[WhiteElo "2178"]
[BlackElo "2469"]
[PlyCount "74"]
[EventDate "2013.07.29"]
[EventType "swiss"]
[EventRounds "11"]
[EventCountry "ENG"]
[SourceTitle "CBM 155 Extra"]
[Source "ChessBase"]
[SourceDate "2013.08.26"]
[SourceVersion "1"]
[SourceVersionDate "2013.08.26"]
[SourceQuality "1"]

1. d4 Nf6 2. c4 g6 3. Nc3 Bg7 4. e4 0-0 5. f3 Nc6 6. Nge2 e5 7. d5 Nd4 8. Be3 c5 9. dxc6 dxc6 10. Nxd4 exd4 11. Qxd4 Nd5 12. Qd2 Nxe3 13. Qxe3 Be6 14. Rd1 Qa5 15. Be2 Qb4 16. 0-0 Qxb2 17. e5 Qb4 18. f4 Rfd8 19. Rxd8+ Rxd8 20. Rb1 Qa3 21. Rb3 Qa6 22. Ne4 Qxa2 23. Rxb7 Bxc4 24. Bf3 a5 25. Nd6 Bf8 26. Ne4 Qa1+ 27. Kf2 Qf1+ 28. Kg3 Rd3 29. Nf6+ Kg7 30. Ne8+ Kh6 31. Qb6 Bb4 32. h3 c5 33. Qf6 Rxf3+ 34. Kh2 Rxh3+ 35. Kxh3 Qh1+ 36. Kg3 Be1+ 37. Kf3 Qf1+ 0-1

[Event "BCF-chT3 1213 (4NCL)"]
[Site "England"]
[Date "2013.03.24"]
[Round "8.146"]
[White "Tavares, Shawn P"]
[Black "Hosken, Nigel"]
[Result "1-0"]
[WhiteElo "2168"]
[BlackElo "2156"]
[PlyCount "213"]
[EventDate "2012.11.03"]
[EventType "team-swiss"]
[EventRounds "11"]
[EventCountry "ENG"]
[SourceTitle "EXT 2014"]
[Source "ChessBase"]
[SourceDate "2013.11.20"]
[SourceVersion "1"]
[SourceVersionDate "2013.11.20"]
[SourceQuality "1"]
[WhiteTeam "BCM Rhinos II"]
[BlackTeam "Gloucestershire Gambits"]
[WhiteTeamCountry "ENG"]
[BlackTeamCountry "ENG"]

1. d4 Nf6 2. c4 e6 3. Nf3 b6 4. a3 Ba6 5. Qc2 Bb7 6. Nc3 c5 7. e4 cxd4 8. Nxd4 d6 9. Be2 a6 10. 0-0 Qc7 11. Be3 Be7 12. f3 Nbd7 13. Rfd1 0-0 14. Bf1 Rfe8 15. a4 Rac8 16. Qf2 Bf8 17. Rac1 Qb8 18. Kh1 Be7 19. b3 Bf8 20. Nc2 Ba8 21. Nd4 Be7 22. Qa2 Bd8 23. Bf2 Bc7 24. Bg1 Rcd8 25. b4 Bb7 26. Rb1 Qa8 27. a5 bxa5 28. b5 Bb6 29. Na4 Bxd4 30. Rxd4 axb5 31. cxb5 d5 32. e5 Nxe5 33. Nb6 Qb8 34. Qxa5 Ned7 35. Ra4 Nxb6 36. Bxb6 Rc8 37. Qa7 Rc2 38. Bd3 Rc3 39. Bf1 e5 40. Qxb8 Rxb8 41. Ra7 d4 42. Rba1 Bd5 43. Ba5 Rb3 44. Bc7 Re8 45. b6 Nd7 46. R7a5 Nxb6 47. Bxb6 Bxf3 48. gxf3 Rxb6 49. Rxe5 Rf8 50. Rd5 Rb4 51. Rd1 g6 52. R5xd4 Rxd4 53. Rxd4 Re8 54. Bc4 Re5 55. Rd7 Rf5 56. Kg2 Kg7 57. Bd3 Rf6 58. Kg3 Rb6 59. Bc4 Rf6 60. Bd5 Kf8 61. Kg4 Kg7 62. Be4 Rb6 63. f4 Rf6 64. Bd5 Rf5 65. Kg3 Rf6 66. Rc7 Rf5 67. Be4 Rf6 68. Rc6 Re6 69. Kf3 Re7 70. Rb6 Rd7 71. h4 Ra7 72. Bd5 Ra3+ 73. Bb3 Ra5 74. Rb7 Rf5 75. Ke4 Rf6 76. Bc4 Rf5 77. Bf1 Rf6 78. Ra7 Re6+ 79. Kf3 Rf6 80. Bc4 Rf5 81. Ke4 Rf6 82. Ra6 Rf5 83. Rc6 Kf8 84. Bd5 Kg7 85. Rb6 Kf8 86. Bc4 Kg7 87. Bd5 Kf8 88. Ba2 Kg7 89. Bb3 Kf8 90. h5 Kg7 91. Rb7 Rf6 92. h6+ Kxh6 93. Bxf7 Kg7 94. Be6+ Kh6 95. Ke5 Rf8 96. Rc7 Ra8 97. Kf6 Ra4 98. Rc4 Ra8 99. Rc2 Rf8+ 100. Bf7 Kh5 101. Kg7 Rb8 102. Rc4 Kg4 103. Kxh7 g5 104. Be6+ Kh5 105. f5 Rb7+ 106. Kg8 Rb8+ 107. Bc8 1-0

[Event "BCF-chT1a 1213 (4NCL)"]
[Site "England"]
[Date "2013.01.13"]
[Round "4.135"]
[White "Tavares, Shawn P"]
[Black "Karayiannis, Costas"]
[Result "1-0"]
[WhiteElo "2168"]
[BlackElo "2170"]
[PlyCount "89"]
[EventDate "2012.11.03"]
[EventType "team-tourn"]
[EventRounds "7"]
[EventCountry "ENG"]
[SourceTitle "EXT 2014"]
[Source "ChessBase"]
[SourceDate "2013.11.20"]
[SourceVersion "1"]
[SourceVersionDate "2013.11.20"]
[SourceQuality "1"]
[WhiteTeam "BCM Dragons"]
[BlackTeam "Cambridge"]
[WhiteTeamCountry "ENG"]
[BlackTeamCountry "ENG"]

1. d4 Nf6 2. c4 g6 3. Nc3 Bg7 4. e4 d6 5. f3 0-0 6. Bg5 c5 7. d5 a6 8. Qd2 Qa5 9. Rc1 b5 10. b3 Nbd7 11. Nh3 Rb8 12. Nf2 bxc4 13. Bxc4 Nb6 14. Be2 Bd7 15. 0-0 Qb4 16. Bxa6 Ra8 17. Be2 Rfc8 18. Nd3 Qa5 19. Nb2 Rcb8 20. Nc4 Nxc4 21. Bxc4 Bc8 22. a4 Ba6 23. Nb5 Bxb5 24. Qxa5 Rxa5 25. Bxb5 Ra7 26. Rfd1 Ne8 27. Bc4 Kf8 28. Kf1 Nc7 29. Bd2 Be5 30. f4 Bd4 31. Ke2 f5 32. exf5 gxf5 33. Bc3 e5 34. fxe5 dxe5 35. Rf1 f4 36. Bxd4 cxd4 37. g3 Ne8 38. Kd3 Rf7 39. gxf4 exf4 40. Kxd4 Nd6 41. Rf3 Re8 42. Bd3 Rb8 43. Rc6 Nb7 44. Rb6 Rd8 45. b4 1-0